| 000 | 00582nam a22002177a 4500 | ||
|---|---|---|---|
| 999 |
_c6761 _d6761 |
||
| 001 | 6761 | ||
| 003 | BD-JhCC | ||
| 005 | 20180207095654.0 | ||
| 008 | 180129b xxu||||| |||| 00| 0 eng d | ||
| 035 | _a(BD-JhCC)6761 | ||
| 040 |
_aBD-JhCC _dBD-JhCC |
||
| 041 | _aeng | ||
| 082 |
_a370.733 _bYOU 1959 |
||
| 245 |
_aYour Student teaching in the secondary school / _cVincent Mcguird...[ et.all.]. |
||
| 260 |
_aBoston : _bAllyn and Bacon, _c1959. |
||
| 300 |
_a343 p. ; _c24 cm. |
||
| 650 | _aStudent teaching | ||
| 700 | _aMcguird, Vincent | ||
| 942 |
_2ddc _cBK |
||